Practice and reinforcement (Purple level)

Đã lưu trong:
書目詳細資料
格式: 圖書
語言:Undetermined
出版: New York McDougal, Littell & Companay 1987
主題:
標簽: 添加標簽
沒有標簽, 成為第一個標記此記錄!
Thư viện lưu trữ: Trung tâm Học liệu Trường Đại học Cần Thơ
LEADER 00570nam a2200193Ia 4500
001 CTU_141510
008 210402s9999 xx 000 0 und d
082 |a 428 
082 |b P895/Gr12 
245 0 |a Practice and reinforcement 
245 0 |b (Purple level) 
245 0 |c McDougal, Littell & Companay 
260 |a New York 
260 |b McDougal, Littell & Companay 
260 |c 1987 
650 |a English language,Tiếng Anh 
650 |x Study and teaching,Dạy và học 
904 |i Hạ Nguyên 
980 |a Trung tâm Học liệu Trường Đại học Cần Thơ